000 00469nam a2200169 4500
003 SEACOMMC
005 20250509131552.0
008 250326b |||||||| |||| 00| 0 eng d
020 _a978*81-272-5077-5
_cRs.140.00
040 _aSEACOMMC
082 _a 510
_bN 147
100 _a Nag, N.K
245 1 _aMathematics for BCA 2nd semester, WBUT /
_c N.K. Nag [and] A. Sikdar
260 _a Kolkata
_b Kalyani Publishers
_c c2009
650 _a Mathematics
942 _cBOOK
999 _c1153
_d1153